书目信息 |
| 题名: |
财富创造论
|
|
| 作者: | 李宗发 著 | |
| 分册: | ||
| 出版信息: | 北京 经济管理出版社 2006 |
|
| 页数: | 350 | |
| 开本: | 26cm | |
| 丛书名: | ||
| 单 册: | ||
| 中图分类: | F014.4 | |
| 科图分类: | ||
| 主题词: | 政治经济学--概论 | |
| 电子资源: | ||
| ISBN: | 7-80207-752-4 | |
| 000 | 00609nam0 2200193 450 | |
| 001 | 0760515518 | |
| 005 | 20070817164835.51 | |
| 010 | @a7-80207-752-4@d¥39.00 | |
| 100 | @a20070817d km y0chiy0120 ea | |
| 101 | 0 | @achi |
| 200 | 1 | @a财富创造论@Acai fu chuang zao lun@e国民财富产生原理研究@f李宗发著@Fli zong fa zhu |
| 210 | @a北京@c经济管理出版社@d2006 | |
| 215 | @a350@d26cm | |
| 517 | 1 | @a国民财富产生原理研究@Aguo min cai fu chan sheng yuan li yan jiu |
| 606 | 0 | @a政治经济学@x概论 |
| 690 | @aF014.4@v3 | |
| 701 | 0 | @a李宗发@Ali zong fa@4著 |
| 801 | 0 | @aCN@bPFT@c20070817 |
| 905 | @a213230@dF014.4@eg89@f1 | |
| 财富创造论:国民财富产生原理研究/李宗发著.-北京:经济管理出版社,2006 |
| 350;26cm |
| ISBN 7-80207-752-4:¥39.00 |
| ● |
| 相关链接 |
|
|
|
|
正题名:财富创造论
索取号:F014.4/g89
 
预约/预借
| 序号 | 登录号 | 条形码 | 馆藏地/架位号 | 状态 | 备注 |
| 1 | 6502784 | 265027847 | 密集书库-海洋学院/ [索取号:F014.4/g89] | 在馆 | |
| 2 | 6502785 | 265027856 | 密集书库-海洋学院/ [索取号:F014.4/g89] | 在馆 |